The impact of social safety net programs on household savings in Colombia /
Сохранить в:
| Главный автор: | |
|---|---|
| Другие авторы: | |
| Формат: | |
| Язык: | English |
| Метки: |
Добавить метку
Нет меток, Требуется 1-ая метка записи!
|
MARC
| LEADER | 00000nam a22000007a 4500 | ||
|---|---|---|---|
| 003 | cru CIDCACS/IIS | ||
| 005 | 20170914160206.0 | ||
| 008 | 170914t2017 ja |||p|r|||| 00| 0 eng d | ||
| 999 | |c 40453 |d 40453 | ||
| 040 | |c cru CIDCACS/IIS | ||
| 100 | 1 | |9 5630 |a Tovar, Jorge | |
| 245 | 1 | 4 | |a The impact of social safety net programs on household savings in Colombia / |c Jorge Tovar, Miguel Urrutia |
| 300 | |a páginas 23-37: |b tablas, gráficos | ||
| 700 | 1 | |9 5631 |a Urrutia, Miguel | |
| 773 | 0 | |0 19189 |9 1336 |a Institute of Developing Economies |d Tokio: IDE-JETRO |o 18834 |t The Developing Economies / |x 00121533 | |
| 942 | |2 ddc |c PP | ||
